000 00423nam a22001697a 4500
005 20260307144926.0
008 240425b |||||||| |||| 00| 0 eng d
020 _a9780688030548
041 _aEnglish
082 _a746.33
_bCLA
100 _aClabburn Pamela
_9206350
245 _a Needlework's Dictionary
260 _aNew York
_bWilliam Morrow & Company
_c1976
300 _a296
650 _aKnitting
942 _cDB
999 _c357801
_d357801